| 000 | 01025nas a22002297a 4500 | ||
|---|---|---|---|
| 001 | K121188 | ||
| 007 | ta | ||
| 008 | 200129b2020 ||||| |||| 00| 0 eng d | ||
| 041 | _aeng | ||
| 100 | _aEdwards, John | ||
| 245 | _aNew standards in retrofit | ||
| 490 |
_aProperty Journal _vJanuary-February 2020, 20-21(2) |
||
| 520 | _aReviews British Standards Institution's PAS 2035 : 2019 Retrofitting dwelling for improved energy efficiency specification and guidance which outlines guidance for retrofitting homes of all ages and types for energy efficiency purposes. Lists PAS 2035 retrofit roles including Adviser, Assessor, Co-ordinator, Designer, Evaluator and Installer | ||
| 650 | _aPAS 2035:2019 | ||
| 650 | _aRetrofitting | ||
| 650 | _aEnergy efficiency | ||
| 650 | _aResidential property | ||
| 650 | _aRepairs and maintenance | ||
| 651 | _aUnited Kingdom 1973 | ||
| 690 |
_96237 _aEnergy |
||
| 856 |
_uhttps://issuu.com/ricsmodus/docs/property_journal_january-february_2020/12 _yAvailable free online via Issuu |
||
| 999 |
_c121188 _d121188 |
||